000 00329nam a2200145Ia 4500
008 231217s9999 xx 000 0 und d
041 _aEnglish
082 _a793.73 SHA
100 _aShakuntala Devi
245 0 _aMore puzzles
260 _c1985
_bNew Delhi : Orient,
300 _a199
650 _aPuzzles
942 _cAA
999 _c165845
_d165845